000 00551nam a2200181Ia 4500
005 20250326124100.0
008 250326s9999 xx 000 0 und d
037 _aTextbook
040 _aFMSL
_beng
_cFMSL
041 _aeng
_2eng
084 _aXok8:8 K9
_qFMSL
100 _aGillis F E
_9736732
245 0 _aManagerial economics: decision making under certainly for business and engineering
_cGillis F E
260 _aLondon
_bLondon, Addison-Wesley
_c1969
300 _a296p
942 _cTB
_hXok8:8 K9
999 _c1272203
_d1272203